|
|
|
|
| LEADER |
00000nab a2200000 4500 |
| 001 |
vtls012024601 |
| 003 |
SK-MaSNL |
| 005 |
20260504111138.0 |
| 008 |
210422c2020 xo er|n || ||00 c0ukr |
| 015 |
|
|
|a SNBRB2021/04
|
| 038 |
|
|
|a SVKPOCL
|
| 040 |
|
|
|a SVKPOCL
|b slo
|c SVKPOCL
|e rda
|
| 041 |
0 |
|
|a ukr
|
| 043 |
|
|
|a e-xo---
|
| 044 |
|
|
|a xo
|c SK
|
| 072 |
|
7 |
|a 908
|x Štúdium oblastí a lokalít všeobecne
|2 konspekt
|
| 072 |
|
7 |
|a 94(437.6)
|x Dejiny Slovenskej republiky
|2 konspekt
|
| 080 |
|
|
|a 94(437.6)
|2 2011
|
| 080 |
|
|
|a 911.373
|2 2011
|
| 080 |
|
|
|a (437.6)
|2 2011
|
| 080 |
|
|
|a 93/94:911.373
|2 2011
|
| 080 |
|
|
|a 311.213.3:94(437.6)
|2 2011
|
| 100 |
1 |
|
|a Dubaj, Michal
|4 aut
|9 1537998
|
| 245 |
1 |
0 |
|a Z chroniky našych sil
|b Andrijova
|c Mychajlo Dubaj
|
| 246 |
3 |
0 |
|a Andrijova
|
| 300 |
|
|
|b Fotografie
|
| 336 |
|
|
|a text
|b txt
|2 rdacontent
|
| 337 |
|
|
|a bez média
|b n
|2 rdamedia
|
| 338 |
|
|
|a zväzok
|b nc
|2 rdacarrier
|
| 500 |
|
|
|a V rubrike Z krajiny i kraju
|
| 600 |
1 |
7 |
|a Fedor, Vincent,
|d 1954-2006
|2 svkpocl
|9 1638097
|
| 600 |
1 |
7 |
|a Štec, Andrej
|2 svkpocl
|9 1538000
|
| 600 |
1 |
7 |
|a Fedor, Vincent,
|d 1954-2006
|2 snkbucl
|9 1638097
|
| 648 |
|
7 |
|a 1427
|2 svkpocl
|9 1287321
|
| 648 |
|
7 |
|a 1694
|2 svkpocl
|9 1538001
|
| 648 |
|
7 |
|a 1718
|2 svkpocl
|9 837017
|
| 648 |
|
7 |
|a 1720
|2 svkpocl
|9 431338
|
| 648 |
|
7 |
|a 1785
|2 svkpocl
|9 361905
|
| 648 |
|
7 |
|a 1842
|2 svkpocl
|9 764953
|
| 648 |
|
7 |
|a 1787
|2 svkpocl
|9 763783
|
| 648 |
|
7 |
|a 1823
|2 svkpocl
|9 1288382
|
| 648 |
|
7 |
|a 1830
|2 svkpocl
|9 380645
|
| 648 |
|
7 |
|a 1846
|2 svkpocl
|9 419143
|
| 648 |
|
7 |
|a 1869
|2 svkpocl
|9 567301
|
| 648 |
|
7 |
|a 1910
|2 svkpocl
|9 378835
|
| 648 |
|
7 |
|a 1953
|2 svkpocl
|9 284770
|
| 650 |
0 |
7 |
|a dejiny obcí
|2 SNKPH
|9 164834
|
| 650 |
0 |
7 |
|a štúdium lokalít
|2 svkpocl
|9 1088454
|
| 650 |
0 |
7 |
|a demografia
|2 SNKPH
|9 3827
|
| 650 |
0 |
7 |
|a regionálne dejiny
|2 SNKPH
|9 63645
|
| 650 |
0 |
7 |
|a kultúrna geografia
|2 SNKPH
|9 839
|
| 650 |
0 |
7 |
|a geografia vidieckych sídiel
|2 SNKPHbucl
|9 74963
|
| 650 |
0 |
7 |
|a osobnosti
|2 SNKPH
|9 29820
|
| 650 |
0 |
7 |
|a rodáci
|2 SNKPH
|9 30842
|
| 651 |
|
7 |
|a Slovensko východné
|2 SNKPHgeo
|9 161134
|
| 651 |
|
7 |
|a Slovensko
|2 SNKPHgeo
|9 14231
|
| 651 |
|
7 |
|a Andrejová (Slovensko)
|2 SNKPHgeo
|9 35264
|
| 773 |
0 |
|
|t Nove žyttja
|g Roč. 70, č. 12 (2020), s. 3
|
| 787 |
0 |
8 |
|i Poznámky k:
|a Dubaj, Michal
|t [O Andrejovej]
|g In: Družno vpered. - Roč. 17, № 4 (1967), s. 20-21
|w vtls010299689
|
| 852 |
|
|
|a SVKPO
|b KIS3GCP
|
| 958 |
|
|
|a UK
|
| 958 |
|
|
|a SS
|
| 958 |
|
|
|a RN
|
| 958 |
|
|
|a SK
|
| 958 |
|
|
|a NM
|
| 958 |
|
|
|a BX
|
| 999 |
|
|
|c 3116995
|d 3118925
|